<?xml version="1.0" encoding="UTF-8"?>
<record
    xmlns:xsi="http://www.w3.org/2001/XMLSchema-instance"
    xsi:schemaLocation="http://www.loc.gov/MARC21/slim http://www.loc.gov/standards/marcxml/schema/MARC21slim.xsd"
    xmlns="http://www.loc.gov/MARC21/slim">

  <leader>01130nam a22002534a 4500</leader>
  <controlfield tag="001">UTEA</controlfield>
  <controlfield tag="005">20251006150445.0</controlfield>
  <controlfield tag="006">g||||gr||||||01 nz</controlfield>
  <controlfield tag="007">ta</controlfield>
  <controlfield tag="008">251006b        es ||||| |||| 00| 0 spa d</controlfield>
  <datafield tag="020" ind1=" " ind2=" ">
    <subfield code="a">9783844339376</subfield>
  </datafield>
  <datafield tag="040" ind1=" " ind2=" ">
    <subfield code="a">UTEA</subfield>
  </datafield>
  <datafield tag="041" ind1=" " ind2=" ">
    <subfield code="a">spa</subfield>
  </datafield>
  <datafield tag="082" ind1=" " ind2=" ">
    <subfield code="a">629.892</subfield>
    <subfield code="b">G26 2011</subfield>
  </datafield>
  <datafield tag="100" ind1=" " ind2=" ">
    <subfield code="a">Garibaldi Julia</subfield>
    <subfield code="e">autor</subfield>
  </datafield>
  <datafield tag="245" ind1=" " ind2=" ">
    <subfield code="a">Modelado, an&#xE1;lisis y dise&#xF1;o del sistema de control de un robot gantry :</subfield>
    <subfield code="b">Tesis de grado de ingenieria inform&#xE1;tica /</subfield>
    <subfield code="c">Julia Garibaldi</subfield>
    <subfield code="h">[Texto Impreso]</subfield>
  </datafield>
  <datafield tag="250" ind1=" " ind2=" ">
    <subfield code="a">1ra edici&#xF3;n</subfield>
  </datafield>
  <datafield tag="260" ind1=" " ind2=" ">
    <subfield code="a">Espa&#xF1;a;</subfield>
    <subfield code="b">Editorial academiaespa&#xF1;ola;</subfield>
    <subfield code="c">2011</subfield>
  </datafield>
  <datafield tag="300" ind1=" " ind2=" ">
    <subfield code="a">290 p&#xE1;ginas;</subfield>
    <subfield code="b">figuras;</subfield>
    <subfield code="c">14 x 24 cm.</subfield>
  </datafield>
  <datafield tag="505" ind1=" " ind2=" ">
    <subfield code="a">Introducci&#xF3;n -- Conceptos de robotice -- Introducci&#xF3;n a los sistemas de control --Est&#xE1;ndares abiertos para sistema de control -- Sistemas operativos y sistemas de tiempo real -- Dise&#xF1;o del sistema -- Conclusiones y trabajo futuro -- Espec&#xED;ficamente de requerimientos del sistema.</subfield>
  </datafield>
  <datafield tag="650" ind1=" " ind2=" ">
    <subfield code="a">MODELADO Y ANALISIS DEL SISTEMA</subfield>
    <subfield code="9">59638</subfield>
  </datafield>
  <datafield tag="650" ind1=" " ind2=" ">
    <subfield code="a">CONTROL DE UN ROBOT</subfield>
    <subfield code="9">59639</subfield>
  </datafield>
  <datafield tag="942" ind1=" " ind2=" ">
    <subfield code="2">ddc</subfield>
    <subfield code="c">BK</subfield>
    <subfield code="e">2025-10-06</subfield>
    <subfield code="z">Cirila Celinda Molina Chirinos</subfield>
  </datafield>
  <datafield tag="952" ind1=" " ind2=" ">
    <subfield code="0">0</subfield>
    <subfield code="1">0</subfield>
    <subfield code="2">ddc</subfield>
    <subfield code="4">0</subfield>
    <subfield code="7">0</subfield>
    <subfield code="8">EPISF1</subfield>
    <subfield code="a">BCUS</subfield>
    <subfield code="b">BCUS</subfield>
    <subfield code="c">Biblioteca Puputi</subfield>
    <subfield code="d">2025-10-06</subfield>
    <subfield code="o">629.892 G26 2011</subfield>
    <subfield code="p">BCUS25100065</subfield>
    <subfield code="w">2025-10-06</subfield>
    <subfield code="y">BK</subfield>
    <subfield code="k"></subfield>
  </datafield>
  <datafield tag="952" ind1=" " ind2=" ">
    <subfield code="0">0</subfield>
    <subfield code="1">0</subfield>
    <subfield code="2">ddc</subfield>
    <subfield code="4">0</subfield>
    <subfield code="7">0</subfield>
    <subfield code="8">EPISF1</subfield>
    <subfield code="a">BABA</subfield>
    <subfield code="b">BABA</subfield>
    <subfield code="c">SALA1</subfield>
    <subfield code="d">2025-10-06</subfield>
    <subfield code="o">629.892 G26 2011</subfield>
    <subfield code="p">BABA25100091</subfield>
    <subfield code="w">2025-10-06</subfield>
    <subfield code="y">BK</subfield>
    <subfield code="k"></subfield>
  </datafield>
  <datafield tag="999" ind1=" " ind2=" ">
    <subfield code="c">17423</subfield>
    <subfield code="d">17423</subfield>
  </datafield>
</record>
